| 000 | 00826cab a2200241 4500 | ||
|---|---|---|---|
| 001 | WB3504-18 | ||
| 008 | 090401t1999 xxu||||| |||| 00| 0 eng d | ||
| 035 | _a(Sirsi) u90922 | ||
| 041 | _aeng | ||
| 245 | _aRural test case may put brake on developers | ||
| 260 | _c1999 | ||
| 350 | _a0 | ||
| 490 |
_aFinancial Times _v26 January 1999, 8(1) |
||
| 520 | _aVillages may be able to register open land as village greens, to prevent development on it. An Oxfordshire village is being used as a test case on this issue and decisions on at least 30 similar cases are awaiting the outcome. | ||
| 650 | _aCOUNTRYSIDE COMMISSION | ||
| 650 | _aHOUSE BUILDING | ||
| 650 | _aOXFORDSHIRE | ||
| 650 | _aSUNNINGWELL | ||
| 650 | _aVILLAGE GREENS | ||
| 690 | _aPROPERTY-PROPERTY DEVELOPMENT | ||
| 942 | _n0 | ||
| 948 | _c26/01/1999 | ||
| 999 |
_c57682 _d57682 |
||